| 000 | 01018nam a2200313 4500 | ||
|---|---|---|---|
| 001 | 15272 | ||
| 003 | ES-MaACL | ||
| 005 | 20230906151030.0 | ||
| 007 | t| | ||
| 008 | 000000s1984 sp ||||0| spa d | ||
| 016 | 7 | _zIBH8405826875 | |
| 020 | _a84-85229-60-6 | ||
| 040 |
_aIBH _bspa _cM-BN-DP |
||
| 080 | _a985".../1522" | ||
| 080 | _a985"1522/48" | ||
| 100 | 1 |
_aCieza de León, Pedro. _938797 |
|
| 245 | 1 | 3 |
_aLa crónica del Perú / _cPedro de Cieza de León ; edición de Manuel Ballesteros. |
| 250 | _a1ª ed. | ||
| 260 |
_aMadrid : _bHistoria 16, _c1984. |
||
| 300 |
_a414 p. ; _c19 cm. |
||
| 490 | 1 |
_aCrónica de América ; _v4 |
|
| 500 | _aIndice. | ||
| 651 | 4 |
_aPerú- _xHistoria- _yEpoca prehispánica, hasta 1522. _99228 |
|
| 651 | 4 |
_aPerú- _xHistoria- _yDescubrimiento y conquista, 1522-1548. _99226 |
|
| 700 | 1 |
_aBallesteros Gaibrois, Manuel, _d1911-2002 _925056 |
|
| 830 | 0 |
_aCrónica de América ; _v4 _9227260 |
|
| 852 |
_aES-MaACL _jL-22557 _bR.127718 |
||
| 999 |
_c15272 _d15272 |
||